Sports Quiz

Random Sports or MLB Quiz

World Series Winners Quiz Stats

 Plays Quiz Updated Oct 28, 2018

Score 0/114 Timer 15:00
43 Plays Today
Year Team Name % Correct
2016Chicago Cubs
85%
2017Houston Astros
84.8%
2018Boston Red Sox
84.8%
2014San Francisco Giants
82.6%
2012San Francisco Giants
82.5%
2000New York Yankees
81.9%
2015Kansas City Royals
81.8%
2004Boston Red Sox
81.7%
2007Boston Red Sox
81%
2013Boston Red Sox
80.6%
1999New York Yankees
80.5%
1998New York Yankees
80.1%
2001Arizona Diamondbacks
78.4%
2005Chicago White Sox
78%
2006St. Louis Cardinals
77.9%
1996New York Yankees
77.6%
2003Florida Marlins
76.8%
2008Philadelphia Phillies
76.7%
2002Anaheim Angels
74.4%
1995Atlanta Braves
73.7%
1997Florida Marlins
73.5%
1903Boston Red Sox
73.1%
1993Toronto Blue Jays
72%
1992Toronto Blue Jays
71.5%
1908Chicago Cubs
69.5%
1986New York Mets
68.2%
1991Minnesota Twins
67.5%
2009New York Yankees
67.1%
1977New York Yankees
66.4%
1989Oakland Athletics
66.4%
1953New York Yankees
65.9%
1978New York Yankees
65.9%
1951New York Yankees
65.9%
1927New York Yankees
65.8%
1952New York Yankees
65.7%
1988Los Angeles Dodgers
65.4%
1950New York Yankees
65.2%
1961New York Yankees
64.5%
Year Team Name % Correct
1990Cincinnati Reds
64.4%
1956New York Yankees
64.2%
1928New York Yankees
63.8%
1962New York Yankees
63.8%
1949New York Yankees
63.6%
1975Cincinnati Reds
63.2%
1976Cincinnati Reds
62.9%
1985Kansas City Royals
62.2%
1947New York Yankees
62.1%
1958New York Yankees
61.6%
1918Boston Red Sox
61.1%
1907Chicago Cubs
60.9%
1969New York Mets
60.5%
1939New York Yankees
60.1%
1932New York Yankees
60%
1923New York Yankees
60%
1938New York Yankees
59.2%
1941New York Yankees
59.1%
1987Minnesota Twins
58.9%
1936New York Yankees
58.7%
1937New York Yankees
58.5%
2010San Francisco Giants
58.5%
1955Brooklyn Dodgers
58.4%
1974Oakland Athletics
58.3%
1973Oakland Athletics
58.2%
1980Philadelphia Phillies
58.1%
1943New York Yankees
58.1%
1984Detroit Tigers
58%
1972Oakland Athletics
57.5%
1979Pittsburgh Pirates
57.3%
1982St. Louis Cardinals
57%
1981Los Angeles Dodgers
56.8%
1954New York Giants
56.3%
1983Baltimore Orioles
56.3%
1967St. Louis Cardinals
54%
1905New York Giants
53.8%
1912Boston Red Sox
53.2%
1963Los Angeles Dodgers
53.1%
Year Team Name % Correct
1964St. Louis Cardinals
52.7%
1916Boston Red Sox
52.6%
1915Boston Red Sox
52.2%
1970Baltimore Orioles
52.2%
1960Pittsburgh Pirates
52.2%
2011St. Louis Cardinals
52.1%
1965Los Angeles Dodgers
52%
1919Cincinnati Reds
51.8%
1959Los Angeles Dodgers
51.6%
1971Pittsburgh Pirates
51.3%
1948Cleveland Indians
50.5%
1968Detroit Tigers
50.1%
1906Chicago White Sox
49.8%
1917Chicago White Sox
49.4%
1946St. Louis Cardinals
49.3%
1944St. Louis Cardinals
48.4%
1942St. Louis Cardinals
47.8%
1910Philadelphia Athletics
46.7%
1911Philadelphia Athletics
46.6%
1909Pittsburgh Pirates
46.5%
1966Baltimore Orioles
46.4%
1957Milwaukee Braves
46.1%
1934St. Louis Cardinals
45.9%
1913Philadelphia Athletics
45.3%
1929Philadelphia Athletics
45.3%
1931St. Louis Cardinals
44.8%
1921New York Giants
44.8%
1930Philadelphia Athletics
44.8%
1945Detroit Tigers
44.7%
1922New York Giants
44.6%
1926St. Louis Cardinals
43.7%
1933New York Giants
43.4%
1940Cincinnati Reds
42.2%
1935Detroit Tigers
41.9%
1914Boston Braves
41.2%
1920Cleveland Indians
39.6%
1925Pittsburgh Pirates
39.5%
1924Washington Senators
38.7%

You're not logged in!

Compare scores with friends on all Sporcle quizzes.
OR
Log In

Sporcle TV

Today on Sporcle TV


Watch our educational content, quiz creation guides, and fun videos on Sporcle TV.

Show Comments

Extras

Top Quizzes Today


Score Distribution

Your Account Isn't Verified!

In order to create a playlist on Sporcle, you need to verify the email address you used during registration. Go to your Sporcle Settings to finish the process.

Report this User

Report this user for behavior that violates our Community Guidelines.

Details: